Super Mario Charaktere - Statistiken

Allgemein
  • Dieses Quiz wurde 8.355 mal gespielt
  • Das Durchschnittsergebnis liegt bei 18 aus 30
Antwortstatistiken
Hinweis Charakter % Korrekt
Roter Klempner Mario
100%
Grüner Klempner Luigi
99%
Prinzessin vom Pilzkönigreich Peach
97%
Schildkröte und Hauptbösewicht Bowser
95%
Gelber Rivale Wario
93%
Grüner Dino Yoshi
90%
Affe mit Krawatte Donkey Kong
89%
Bewohner des Pilzkönigreichs Toad
89%
Violetter Rivale Waluigi
88%
Sohn von Hauptbösewicht Bowser Jr.
80%
Prinzessin von Sarasaland Daisy
79%
Bewohnerin des Pilzkönigreichs Toadette
73%
Affe mit Kappe Diddy Kong
69%
Normale Schildkröte (Gegner) Koopa
69%
Knochenschildkröte (Gegner) Knochentrocken
64%
Kleine braune Wesen (Gegner) Gumba
60%
Geist Buu Huu
59%
Schüchterne Wesen mit Maske Shy Guy
59%
Adoptivmutter von Sternenkindern Rosalina
53%
König der Geister König Buu Huu
45%
Anführer der Magikoopas Kamek
36%
Hammerschildkröte Hammer-Bruder
31%
Pinker Dino Birdo
30%
Wolkenschildkröte Lakitu
30%
Pilzkapitän Captain Toad
28%
Böse Pflanze Piranhapflanze
26%
Sternenkinder Luma
25%
Bürgermeisterin von New Donk City Pauline
24%
Spuckt Stachelbälle Spike
17%
Krokodil mit Krone King K. Rool
16%
Keine übereinstimmenden Quizze gefunden
Verteilung der Resultate
Anzahl Personen mit jedem Resultat
Perzentil nach korrekt beantworteten Fragen
Ihre Resultats-Entwicklung
Sie haben dieses Quiz noch nicht gespielt